The California gold rush / (Record no. 4911)

MARC details
000 -LEADER
fixed length control field 00806nam a22002537a 4500
001 - CONTROL NUMBER
control field 4911
003 - CONTROL NUMBER IDENTIFIER
control field FISKH
005 - DATE AND TIME OF LATEST TRANSACTION
control field 20241204153525.0
008 - FIXED-LENGTH DATA ELEMENTS--GENERAL INFORMATION
fixed length control field 241024b cb ||||| |||| 00| 0 eng d
020 ## - INTERNATIONAL STANDARD BOOK NUMBER
International Standard Book Number 9780516466910
040 ## - CATALOGING SOURCE
Original cataloging agency FISKH
Language of cataloging eng
Transcribing agency FISKH
Modifying agency FISKH
050 ## - LIBRARY OF CONGRESS CALL NUMBER
Classification number F865.S8192
082 ## - DEWEY DECIMAL CLASSIFICATION NUMBER
Classification number 979.4
100 ## - MAIN ENTRY--PERSONAL NAME
Personal name Stein, R. Conrad
Dates associated with a name (1937-)
245 ## - TITLE STATEMENT
Title The California gold rush /
Statement of responsibility, etc. R. Conrad Stein
250 ## - EDITION STATEMENT
Edition statement Printed in 1995
260 ## - PUBLICATION, DISTRIBUTION, ETC.
Place of publication, distribution, etc. California :
Name of publisher, distributor, etc. Children,
Date of publication, distribution, etc. 1995.
300 ## - PHYSICAL DESCRIPTION
Extent 30 pages :
Other physical details color illustrations ;
Dimensions 25 cm
520 ## - SUMMARY, ETC.
Summary, etc. Dramatic and defining moments in American history come vividly the life in the Cornerstones of Freedom series.
650 ## - SUBJECT ADDED ENTRY--TOPICAL TERM
Source of heading or term Cornerstones of Freedom
Topical term or geographic name entry element Gold rush
650 ## - SUBJECT ADDED ENTRY--TOPICAL TERM
Source of heading or term Children's History
Topical term or geographic name entry element Social studies
942 ## - ADDED ENTRY ELEMENTS (KOHA)
Source of classification or shelving scheme Dewey Decimal Classification
Koha item type Books
Suppress in OPAC No
Holdings
Withdrawn status Lost status Source of classification or shelving scheme Damaged status Not for loan Collection Home library Current library Shelving location Date acquired Total Checkouts Full call number Barcode Date last seen Copy number Price effective from Koha item type
    Dewey Decimal Classification     Non-Fiction Footprints International School Library Network Toul Kork Campus Footprints International School Library Network Toul Kork Campus A TK Campus, 4th Floor, Room B401, Non-Fiction Bookcases(7-8) 10/24/2024   STE 979.4 F865.S8192 2024-2213 10/24/2024 1 10/24/2024 Books